The new cultural history (Registro nro. 69404)

Detalles MARC
000 -ENCABEZADO
Número de control [NR] 00881nam a22002417a 4500
008 - DE LONGITUD FIJA DE DATOS DE ELEMENTOS - INFORMACIÓN GENERAL
Elementos de longitud fija [NR] 130821s1989 xxuao gr eng
020 ## - NUMERO INTERNACIONAL NORMALIZADO PARA LIBROS [R]
Número Internacional Normalizado del libro [NR] 9780520064294
040 ## - FUENTE DE CATALOGACION [NR]
Agencia de catalogación original [NR] Co-BoUCM
Idioma de catalogación [NR] spa
041 00 - CODIGO DE IDIOMA [R]
Código de idioma para texto/pista de sonido o título separado [R] Inglés
245 04 - MENCION DE TITULO [NR]
Título [NR] The new cultural history
Mención de responsabilidad, etc. [NR] Aletta Biersack...[et al.] ; edición e introducción de Lynn Hunt
260 ## - PUBLICACION, DISTRIBUCION, ETC. (PIE DE IMPRENTA) [R]
Lugar de publicación, distribución, etc. [R] Berkeley (California, Estados Unidos)
Nombre del editor, distribuidor, etc. [R] University of California Press
Fecha de publicación, distribución, etc. [R] 1989
300 ## - DESCRIPCION FISICA [R]
Extensión [R] ix, 244 páginas
Otros detalles físicos [NR] ilustraciones, fotografías
490 #0 - MENCION DE SERIE [R]
Mención de serie [R] Studies on the history of society and culture
504 ## - NOTA DE BIBLIOGRAFIA, ETC. [R]
Nota de bibliografía, etc. [NR]
650 04 - ASIENTO SECUNDARIO DE MATERIA - TERMINO TEMATICO [R]
Término temático o nombre geográfico como elemento de entrada [NR] Arte y sociedad
Subdivisión general [R] Historia
9 (RLIN) 9532
650 04 - ASIENTO SECUNDARIO DE MATERIA - TERMINO TEMATICO [R]
Término temático o nombre geográfico como elemento de entrada [NR] Cultura
9 (RLIN) 150
650 04 - ASIENTO SECUNDARIO DE MATERIA - TERMINO TEMATICO [R]
Término temático o nombre geográfico como elemento de entrada [NR] Cultura
Subdivisión general [R] Historia
9 (RLIN) 150
700 1# - ASIENTO SECUNDARIO - NOMBRE PERSONAL [R]
Nombre personal [NR] Biersack, Aletta
700 1# - ASIENTO SECUNDARIO - NOMBRE PERSONAL [R]
Nombre personal [NR] Chartier, Roger
700 1# - ASIENTO SECUNDARIO - NOMBRE PERSONAL [R]
Nombre personal [NR] Hunt, Lynn
Fechas asociadas con el nombre [NR] 1945-
Término de relación [R]
942 ## - ELEMENTOS DE ENTRADA AGREGADOS (KOHA)
Tipo de ítem principal el descrito en 300a Libro
Tema principal Sociología
Edición 1
Parte restante de la signatura top. N532
Sistema de clasificación DEWEY
Clasificación 306
Existencias
Fecha de último préstamo Total préstamos Total Renewals Signatura topográfica Código de barras Última vez visto Ejemplar Price effective from Tipo de ítem Perdido Sistema de clasificación Dañado No prestable Tipo de ítem específico Suprimido Ubicación habitual Ubicación actual Localización Fecha de creación Forma de adquisición Costo
16/01/2020 7 7 306 N532 100110265 09/12/2025 Ej.2 03/02/2013 Libro   DEWEY     Libro   Claustro Claustro 2do piso 30/09/2010 Compra 120000.00
01/11/2019 4 4 306 N532 100121257 09/12/2025 Ej.3 03/02/2013 Libro   DEWEY     Libro   Claustro Claustro 2do piso 28/02/2013 Compra 83200.00